00526cam a2200169 i 4500020001700000040000800017082002600025245005400051260005000105300006100155490005600216650001000272650001900282650001600301700002000317700001900337 a2706807563 : cDLC00a632 MAI 1979 A049 Or.03aLe Désherbage des cultures sous les tropiques / aParis :bG.-P. Maisonneuve et Larose,cc1979. a312, [14] leaves of plates :bill. (some col.) ;c24 cm.0 aTechniques agricoles et productions tropicales ; 28 0aWeeds 0aTropical crops 0aHerbicides.1 aDeuse, Jacques.1 aLavabre, E. M.